Aj po jedenástej operácii stále veril ... futbalistu Jozefa Medgyesa poslala vo veku 35 rokov na druhý svet rakovina kože

Bibliographic Details
Main Author: Souček, Ľubomír, 1961- (Author)
Format: Article
Language:Slovak
PhysicalDescription:Fotogr.
ISSN:0139-7001
Subjects:

MARC

LEADER 00000nab a2200000 a 4500
001 vtls000825541
003 SK-MaSNL
005 20260302163022.0
008 160322c2003 xo 0 slo
015 |a SNBRB2003/02-04008 
035 |a CLN000177196 
040 |a SNKBUCL  |b slo  |c SNKBUCL  |e AACR2 
041 0 |a slo 
044 |a xo  |c SK 
080 |a 796.332.071  |2 UDC-MRF-SK2 
080 |a 929 Medgyes, Jozef  |2 UDC-MRF-SK2 
100 1 |a Souček, Ľubomír,  |d 1961-  |4 aut  |9 107270 
245 1 0 |a Aj po jedenástej operácii stále veril ...  |b futbalistu Jozefa Medgyesa poslala vo veku 35 rokov na druhý svet rakovina kože  |c Ľubomír Souček 
300 |b Fotogr. 
600 1 7 |a Medgyes, Jozef  |d 1961-1997  |2 snkbucl  |9 863643 
655 7 |a články z novín a časopisov  |2 snkbucl  |9 267496 
773 0 |x 0139-7001  |t Šport  |g Roč. 57, č. 37 (14.2.2003), s. 8-9 
850 |a Slovenská národná knižnica v Martine 
852 |a SNK  |b KIS3GCP 
958 |a SK 
958 |a BX 
958 |a RBX 
999 |c 1382016  |d 1383946